000 00353nam a2200145Ia 4500
005 20250405151828.0
008 240331s9999 xx 000 0 und d
082 _bTAM
_a894
100 _aTamilnathy
245 0 _aSooriyan thaniththalaiyum pagal
260 _aChennai
_bPanikkudam Pathippagam
_c2007
300 _a64 p .,
650 _aPoems
942 _cL
999 _c4671
_d4671